000 00630nam a2200205 4500
003 OSt
005 20260421014305.0
006 a
008 240726b |||||||| |||| 00| 0 eng d
020 _a9780071221795
040 _aDWCL-Main lib.
_cOC
082 _aCirc. 604.2 F981 2011
100 _aGary R. Bertoline
245 _aFundamentals of graphics communication /
260 _aN.Y. :
_bMcGraw-Hill,
_cc2011.
300 _axxi,
_b(various paging) : ill. ( some col.) ;
_c26 cm.
504 _aIncludes bibliographical references & index.
650 _a1. Engineering graphics-Textbooks.
942 _2ddc
_n0
_cBK-CIRC
_kCirc.
999 _c2798
_d2798